| 000 | 00730nam a22002417a 4500 | ||
|---|---|---|---|
| 005 | 20260304105028.0 | ||
| 082 |
_a632.6 _bPRI/OV PG |
||
| 100 | _aPriyanka, M | ||
| 245 | _aOviposition preference of pseudostem weevil, odoiporus longicollis (Olivier) in banana (Musa spp.) | ||
| 260 |
_a Vellayani _bDepartment of Entomology, College of Agriculture _c 2025 |
||
| 300 | _av,83p. | ||
| 502 | _aMSc | ||
| 650 | _aEntomology | ||
| 650 | _aOviposition preference | ||
| 650 | _aPseudostem weevil | ||
| 650 | _aOdoiporus longicollis | ||
| 650 | _aBanana | ||
| 650 | _aOlivier | ||
| 650 | _aMusa spp. | ||
| 700 | _aNithya, P R (Guide) | ||
| 856 | _uhttps://krishikosh.egranth.ac.in/handle/1/5810235228 | ||
| 942 |
_2ddc _cTH |
||
| 999 |
_c374453 _d374453 |
||